000 00378nam a2200145Ia 4500
008 220216s9999 xx 000 0 und d
100 _aLeather T
245 0 _aU.S. pricing policy and Commonwealth raw materials
260 _bRubber Developments
_c1953
300 _a60-61
650 _aPricing policy
650 _aRaw materials
650 _aSynthetic rubber
942 _cJS
999 _c71705
_d71705